Miguel Charting Songs (Billboard Hot 100) - Statistics

General Stats
  • This quiz has been taken 44 times
    13 since last reset
  • The average score is 9 of 16
Answer Stats
Album Weeks On Peak Artist(s) Song % Correct
All I Want Is You 52 Weeks #11 Miguel Sure Thing
92%
Kaleidoscope Dream 33 Weeks #17 Miguel Adorn
85%
All I Want Is You 14 Weeks #58 Miguel ft. J. Cole All I Want Is You
85%
War & Leisure 26 Weeks #29 Miguel ft. Travi$ Scott Sky Walker
85%
Born Sinner 29 Weeks #19 J. Cole ft. Miguel Power Trip
77%
Wildheart 3 Weeks #78 Miguel Coffee
62%
Kaleidoscope Dream 20 Weeks #69 Miguel ft. Kendrick Lamar How Many Drinks?
62%
Me. I Am Mariah... The Elusive Chanteuse 16 Weeks #15 Mariah Carey ft. Miguel #Beautiful
54%
At. Long. Last. A$AP 2 Weeks #92 A$AP Rocky ft. Rod Stewart x Miguel x Mark Ronson Everyday
54%
Ambition 20 Weeks #38 Wale ft. Miguel Lotus Flower Bomb
38%
Kids In Love 11 Weeks #63 Kygo ft. Miguel Remind Me To Forget
38%
Alicia 1 Week #90 Alicia Keys ft. Miguel Show Me Love
38%
Ludaversal 2 Weeks #91 Ludacris ft. Miguel Good Lovin'
31%
Chilombo 1 Week #65 Jhene Aiko ft. Future & Miguel Happiness Over Everything (H.O.E.)
31%
Non-Album Single 1 Week #66 J-Hope ft. Miguel Sweet Dreams
23%
All I Want Is You 14 Weeks #62 Miguel Quickie
8%
No matching quizzes found
Score Distribution
Percent of People with Each Score
Percentile by Number Answered
Your Score History
You have not taken this quiz since the last reset